000 01649nam a2200241Ia 4500
999 _c51657
_d51657
001 18648
003 GE_BSU
005 20220920111907.0
008 181216s2012||||ge |||||||||||||| ||geo||
040 _cGE_BSU
041 _ageo
080 _a33 მ-47
100 _aმეგრელიშვილი, კონსტანტინე
_911654
245 _aეფექტური კომუნიკაციის მნიშვნელობა ცვლილებათა მართვის პროცესში - თანამედროვე მართვის პრობლემები: დისერტაცია /
_cკონსტანტინე მეგრელიშვილი; სამეცნიერო ხელმძღვანელი რ. მანველიძე; ბათუმის შოთა რუსთაველის სახ-ფო უნ-ტი.
264 _aბათუმი,
_c2012.
300 _a161 გვ.;
_b30 სმ.
653 _aდისერტაცია
653 _aეკონომიკა
653 _aეფექტური კომუნიკაციის მნიშვნელობა ცვლილებათა მართვის პროცესში-თანამედროვე მართვის პრობლემები
700 _aმანველიძე, რ.
_eსამეცნიერო ხელმძღვანელი
_910484
710 _aბათუმის შოთა რუსთაველის სახ-ფო უნ-ტი.
_911655
942 _cBK
_2udc